000 00888nam a22003137a 4500
001 BR0604597
003 BR-BrBNA
005 20230928102315.0
007 ta
008 230509b bl.||||| |||| 00| 0 por d
040 _aBR-BrBNA
_bpor
_cBiblioteca Nacional de Agricultura
041 _a(Por)
072 _aE14
090 _ E14 BR0604597
110 1 _aGoverno do Estado do Amapá, Macapá (Brasil)
_95334
245 1 _aAmapá: construindo uma economia sustentável
260 3 _aMacapá, AP (Brasil):
_c[nd].
300 _a124 p.
500 _a113 illus.
650 _aPROJETO DE DESENVOLVIMENTO
650 _aDESENVOLVIMENTO SÓCIO-ECONÔMICO
650 _aPOLÍTICA DE DESENVOLVIMENTO
650 _aPOLÍTICA SOCIAL
650 _aPRESERVAÇÃO DA NATUREZA
650 _aBIODIVERSIDADE
650 _aTURISMO
909 _a202309
_bLucia
_c55
_dLucia Elande
942 _cBK
999 _c70113
_d70113